College Football Alternate Logos Quiz #1 - Statistics

General Stats
  • This quiz has been taken 1,185 times
  • The average score is 14 of 16
Answer Stats
Picture Answer % Correct
LSU
98%
Miami
95%
Notre Dame
94%
Oklahoma State
94%
USC
94%
Colorado
93%
James Madison
93%
Maryland
93%
TCU
93%
Tulane
92%
Michigan State
82%
UTEP
77%
Auburn
72%
North Carolina
70%
Buffalo
57%
UNLV
56%
No matching quizzes found
Score Distribution
Percent of People with Each Score
Percentile by Number Answered
Your Score History
You have not taken this quiz